000 01579nam a22002417a 4500
999 _c20513
_d20513
005 20191023123825.0
008 191023b xxu||||| |||| 00| 0 spa d
040 _aCO-BoIAVH
_cCO-BoIAVH
041 _aeng
044 _axxu
082 _a628.97
_bB14
100 _aBaena, Martha L.
245 _aInsect nematology
_cMartha L. Baena
260 _aBeltsville(Maryland):
_bPlant protection institute
_bUnited States Department of Agriculture
_bAgriculture Research Service
_bBeltsville Agricultural Research Center.
_cS.F
300 _a925 Páginas:
_bilustraciones,
_c25 x 19 cm.
520 _aEste libro pone gran énfasis en los problemas de cultivos e insectos del continente norteamericano. Sin embargo, muchos de los problemas y las soluciones proyectadas cruzan las fronteras continentales y proporcionan información que es fácilmente adaptable para su uso por una amplia gama de investigadores, estudiantes avanzados y expertos técnicos. Dado que muchos de los contribuyentes son de América del Norte, el texto aborda los problemas agrícolas actuales en los Estados Unidos y proporciona información sobre las formas de controlar nematodos parásitos vegetales específicos o de usar nematodos como agentes biológicos para el control de insectos.
650 0 _aNematodos como agentes biológicos para el control de plagas
650 0 _aNematología
650 0 _aParásitos de plantas
650 0 _aConservación de los recursos agrícolas
700 _aNickle, R. William
_cEditor
_eEditor
942 _2ddc
_cLIBRO